Spell the Marvel Character #39 - Statistics

General Stats
  • This quiz has been taken 38 times
  • The average score is 5 of 8
Answer Stats
Picture Answer % Correct
Ant-Man
100%
Wolverine
97%
Hulk
94%
Tigra
81%
Psylocke
68%
Aurora
48%
Pathway
35%
Yukon Jack
6%
No matching quizzes found
Score Distribution
Percent of People with Each Score
Percentile by Number Answered
Your Score History
You have not taken this quiz